The history of the Indian mutiny : (Record no. 329843)

000 -LEADER
fixed length control field 01112cam a22003014a 4500
001 - CONTROL NUMBER
control field 14306143
003 - CONTROL NUMBER IDENTIFIER
control field NUST
005 - DATE AND TIME OF LATEST TRANSACTION
control field 20170523145959.0
008 - FIXED-LENGTH DATA ELEMENTS--GENERAL INFORMATION
fixed length control field 060320r20051858pk b 001 0 eng
010 ## - LIBRARY OF CONGRESS CONTROL NUMBER
LC control number 2006332222
020 ## - INTERNATIONAL STANDARD BOOK NUMBER
International Standard Book Number 9693516958
025 ## - OVERSEAS ACQUISITION NUMBER
Overseas acquisition number P-E-2006332222 ; 20
040 ## - CATALOGING SOURCE
Original cataloging agency DLC
Transcribing agency DLC
042 ## - AUTHENTICATION CODE
Authentication code lcode
043 ## - GEOGRAPHIC AREA CODE
Geographic area code a-ii---
050 00 - LIBRARY OF CONGRESS CALL NUMBER
Classification number DS478
Item number .B23 2005
082 ## - DEWEY DECIMAL CLASSIFICATION NUMBER
Classification number 954.912 BAL
100 1# - MAIN ENTRY--PERSONAL NAME
Personal name Ball, Charles.
9 (RLIN) 1371
245 14 - TITLE STATEMENT
Title The history of the Indian mutiny :
Remainder of title a detailed account of the Sepoy insurrection in India ... /
Statement of responsibility, etc. Charles Ball.
246 3# - VARYING FORM OF TITLE
Title proper/short title Indian mutiny
260 ## - PUBLICATION, DISTRIBUTION, ETC.
Place of publication, distribution, etc. Lahore :
Name of publisher, distributor, etc. Sang-e-Meel Publications,
Date of publication, distribution, etc. 2005.
300 ## - PHYSICAL DESCRIPTION
Extent 2 v. ;
Dimensions 25 cm.
500 ## - GENERAL NOTE
General note Reprint. Originally published: London ; New York : London Printing and Pub. Co., 1858-59.
504 ## - BIBLIOGRAPHY, ETC. NOTE
Bibliography, etc. note Includes bibliographical references and indexes.
651 #0 - SUBJECT ADDED ENTRY--GEOGRAPHIC NAME
Geographic name India
General subdivision History
Chronological subdivision Sepoy Rebellion, 1857-1858.
9 (RLIN) 1372
906 ## - LOCAL DATA ELEMENT F, LDF (RLIN)
a 7
b cbc
c origode
d 3
e ncip
f 20
g y-gencatlg
942 ## - ADDED ENTRY ELEMENTS (KOHA)
Source of classification or shelving scheme
Koha item type Book
Holdings
Withdrawn status Lost status Source of classification or shelving scheme Damaged status Not for loan Permanent Location Current Location Date acquired Total Checkouts Full call number Barcode Date last seen Price effective from Koha item type
          School of Civil and Environmental Engineering (SCEE) School of Civil and Environmental Engineering (SCEE) 05/23/2017   954.912 BAL NIT-8734 05/23/2017 05/23/2017 Book
          School of Civil and Environmental Engineering (SCEE) School of Civil and Environmental Engineering (SCEE) 05/23/2017   954.912 BAL NIT-8735 05/23/2017 05/23/2017 Book
          School of Civil and Environmental Engineering (SCEE) School of Civil and Environmental Engineering (SCEE) 01/24/2020   954.912 BAL NIT-9437 01/24/2020 01/24/2020 Book
© 2023 Central Library, National University of Sciences and Technology. All Rights Reserved.